00639cam a22001211 4500082001300000100001800013245012600031260004800157300008300205500015700288526003700445710003500482 a950bSTE1 aStein, Aurel,10aRuins of desert Cathay;bpersonal narrative of explorations in Central Asia and westernmost China,cby M. Aurel Stein ... aLondon,bMacmillan and co., limited,c1912. a2 v.bcol. fronts., plates (part col., part fold.) ports., fold. maps.c25 cm. a"Record of the archaeological and geographical explorations ... during the years 1906-1908 ... carried out under the orders of the Government of India." a0b0c0d950_000000000000000_STE2 aArchaeological Survey of India